000 00455nam a2200181Ia 4500
008 230711s9999||||xx |||||||||||||| ||und||
020 _a978-0-07-069967-0
041 _aENG
082 _a621
_bKO-E
100 _aKothari,D.P
245 0 _aElectric machines
250 _a4th. Ed.
260 _c2016
_aNew Delhi
_bMcGraw Hill Education(India) Private Limited
300 _a834
650 _aElectrical Engineering
700 _aNagrath,I.J
942 _cBK
999 _c700
_d700